| 000 | 01143nam0a22002651 4500 | ||
|---|---|---|---|
| 001 | rc\28716 | ||
| 005 | 20260407095336.0 | ||
| 010 |
_a5-7636-0010-X _9200 |
||
| 035 | _a(NLR Aleph) 005314784 | ||
| 090 |
_a6424135 _c6424135 |
||
| 100 | _a20021216d1997 |||y0rusy50 ca | ||
| 101 | 0 | _arus | |
| 102 | _aRU | ||
| 105 | _aa ||||||||| | ||
| 200 | 1 |
_aГИДРОПРИВОД машин различного технологического назначения _eСб. науч. тр. _fМ-во общ. и проф. образования Рос. Федерации. Краснояр. гос. техн. ун-т _g[Редкол.: д. т. н., проф. С.В. Каверзин (отв. ред.) и др.] |
|
| 210 |
_aКрасноярск _cКГТУ _d1997 |
||
| 215 |
_a132 с. _cил. _d30 |
||
| 320 | _aБиблиогр. в конце ст. | ||
| 702 | 1 |
_aКаверзин _bС.В. _4340 |
|
| 712 | 0 | 2 |
_aКрасноярский государственный технический университет _9341365 _3RU\NLR\AUTH\889922695 |
| 801 | 0 |
_aRU _bNLR _gpsbo |
|
| 801 | 1 |
_aRU _bELAR _2rusmarc |
|
| 852 |
_aNLR _j97-8/837 |
||
| 942 | _cBOOK | ||
| 980 | _aNB | ||